000 00460nam a2200181Ia 4500
001 19479
005 20260306172656.0
008 260306t2017||||xx |||||||||||||| ||spa||
041 _aESP
082 _a340
_bN94
100 _aNúñez Vaquero, Álvaro
_eAUT
245 0 _aTeorías normativas de la ciencia y la dogmática jurídicas
260 _c2017
300 _a544 páginas :
_c24 cm.
650 _aGEN
654 _aCDE
942 _cLIB
_dJUS
_fJUS
_2ddc
_n
999 _c19479
_d19479